| 000 | 00804nac a22002291u 4500 | ||
|---|---|---|---|
| 010 | _a 2002283697 | ||
| 020 | _a0814659217 (Liturgical Press) | ||
| 020 | _a0826452639 (Continuum) | ||
| 035 | _a(OCoLC)ocm48238280 | ||
| 082 | 0 | 0 |
_a270.0922 _aB _bWAL |
| 090 |
_c6166 _d6166 |
||
| 100 | _aWalsh, Michael.[ed.] | ||
| 245 | 0 | 0 |
_aDictionary of Christian biography / _cedited by Michael Walsh. |
| 260 |
_aCollegeville, Minn. : _bLiturgical Press, _c2001. |
||
| 300 |
_axiv, 1250 p. ; _c25 cm. |
||
| 500 | _a"A Michael Glazier book". | ||
| 500 | _aDistributer: Al-Ahram. | ||
| 504 | _aIncludes bibliographical references (p. xiii-xiv) and indexes. | ||
| 511 | _aCatalogued By: Mahitab. | ||
| 650 | 0 |
_aChristian biography _vDictionaries. |
|
| 942 |
_cNB _k270.0922WAL |
||
| 999 |
_c6166 _d6166 |
||